Statistics for All AEW World Title Challengers

Click here to take the quiz!

General Stats

  • This quiz has been taken 44 times
    (16 since last reset)
  • The average score is 42 of 56

Answer Stats

HintAnswer% Correct
All Out 2019Adam Page
100%
Dynamite #159: Title TuesdayAdam Page
100%
Full Gear 2021Adam Page
100%
All Out 2019Chris Jericho
100%
Dynamite #149: Quake by the LakeChris Jericho
100%
Collision #3Ethan Page
100%
Dynamite #207: Grand SlamSamoa Joe
100%
World's End 2023Samoa Joe
100%
All In 2023Adam Cole
91%
Revolution 2022Adam Cole
91%
Rampage #36Adam Cole
91%
Double or Nothing 2020Brodie Lee
91%
Revolution 2023Bryan Danielson
91%
Dynamite #155: Grand SlamBryan Danielson
91%
Dynamite #118Bryan Danielson
91%
Dynamite #115: Winter is ComingBryan Danielson
91%
Dynamite #44Darby Allin
91%
Double or Nothing 2023Darby Allin
91%
Dynamite #3Darby Allin
91%
Revolution 2020Jon Moxley
91%
Forbidden Door 2022Jon Moxley
91%
Revolution 2021Jon Moxley
91%
Dynamite #155: Grand SlamJon Moxley
91%
Dynamite #61: Winter is ComingKenny Omega
91%
Collision #20Kenny Omega
91%
Double or Nothing 2021Orange Cassidy
91%
Dynamite #41: Fight for the FallenBrian Cage
82%
All Out 2021Christian Cage
82%
All Out 2022CM Punk
82%
Double or Nothing 2022CM Punk
82%
Full Gear 2019Cody Rhodes
82%
Dynamite #224Hook
82%
Double or Nothing 2023Jack Perry
82%
Dynamite #90: Saturday NightJungle Boy
82%
All Out 2020MJF
82%
Full Gear 2022MJF
82%
Double or Nothing 2023Sammy Guevara
82%
Forbidden Door 2023Hiroshi Tanahashi
73%
Forbidden Door 2022Hiroshi Tanahashi
73%
Dynamite #144Brody King
64%
Full Gear 2023Jay White
64%
Double or Nothing 2021PAC
64%
Dynamite #66: New Year's Smash - Night 1Rey Fenix
64%
Dynamite #167: Winter is ComingRicky Starks
64%
Dynamite #9Scorpio Sky
64%
Dynamite #51Eddie Kingston
55%
Full Gear 2020Eddie Kingston
55%
Dynamite #28Jake Hager
55%
Dynamite #160Penta El Zero Miedo
55%
Dynamite #54: Anniversary ShowLance Archer
36%
Dynamite #123Lance Archer
36%
Impact: Rebellion 2021Rich Swann
27%
Dynamite #214Daniel Garcia
18%
Dynamite #127Dante Martin
18%
Dynamite #147: Fight for the FallenRUSH
18%
Dynamite #52The Butcher
9%

Score Distribution

Percentile by Number Answered

Percent of People with Each Score

Your Score History

You have not taken this quiz since the last reset